|
|
|
|
| LEADER |
00000cab a2200000 ar4500 |
| 001 |
vtls009279004 |
| 003 |
SK-MaSNL |
| 005 |
20260426055629.0 |
| 008 |
180907c2007 xo wr|p|||||||000 b|slo |
| 038 |
|
|
|a PPPK
|
| 040 |
|
|
|a PPPKCL
|b slo
|c PPPKCL
|e AACR2
|
| 041 |
0 |
|
|a slo
|
| 044 |
|
|
|a xo
|c SK
|
| 080 |
|
|
|a 627.775
|2 2001
|
| 080 |
|
|
|a 614.88
|2 2001
|
| 245 |
0 |
0 |
|a Ťažká záchranná akcia
|c [autor] (sve)
|
| 610 |
2 |
7 |
|a Air Transport Europe (Poprad, Slovensko)
|x záchranné akcie
|2 pppkcl
|9 1050054
|
| 648 |
|
7 |
|a 2007
|2 pppkcl
|9 313226
|
| 650 |
0 |
7 |
|a letecká záchranná služba
|2 pppkcl
|9 51025
|
| 650 |
0 |
7 |
|a záchranné akcie
|2 pppkcl
|9 1024242
|
| 650 |
0 |
7 |
|a slovenskí turisti
|2 pppkcl
|9 1237825
|
| 651 |
|
7 |
|a Vysoké Tatry (Poľsko a Slovensko : pohorie)
|2 SNKPHgeo
|9 67729
|
| 651 |
|
7 |
|a Gerlachovský štít (Vysoké Tatry, Slovensko)
|2 pppkcl
|9 56221
|
| 773 |
0 |
|
|t Podtatranské noviny
|g Roč. XLVIII, č. 40 (2007), s. 10
|
| 852 |
|
|
|a PPPK
|b KIS3GCP
|
| 999 |
|
|
|c 2189331
|d 2191261
|